Регионална библиотека "Любен Каравелов" - Русе

Aspects of applied and contrastive linguistics (Запис номер 4613)

MARC детайли
000 -Лидер
Контролно поле с фиксирана дължина 01388nam a2200373 c 4500
003 - Код на организацията, давaща контролен номер
Контролно поле BLK
005 - Дата и час на последна редакция
Контролно поле 20200902105113.0
008 - Елементи от данни с фиксирана дължина
fixed length control field 180412b bul|||||r ||||||| ||bul||
010 ## - Наследен системен номер
LC control number KNG00005765000
020 ## - Международен стандартен номер на книга ISBN
Международен стандартен номер на книга ISBN 954-07-0391-3
040 ## - Източник на каталожния запис
Идентификатор на билиотеката - собственик на записа BLK
041 ## - Код за език
Код за езика на текст/звукозапис или на отделно заглавие Английски
Код за езика КДБФ Английски
080 ## - УДК
Текстов определител УДК Общи въпроси на езикознанието и литературата. Филология
УДК код - определител по УДК 80
УДК - код + определител 80
080 ## - УДК
Текстов определител УДК Теория и техника на превода
УДК код - определител по УДК 82`25
УДК - код + определител 82`25
100 1# - Редна дума - Автор
Автор Ilieva-Baltova, Penka
Авторска отговорност първи автор
R(LIN) 248926
139 ## - Редно поле
Редна дума Ilieva-Baltova, Penka
Авторски знак Il - I 54
245 10 - Сведения за заглавието
Заглавие Aspects of applied and contrastive linguistics
Редно поле (дума) Penka Ilieva-Baltova.
257 ## - Страна на издаване
Страна на създаване/издаване България
260 ## - Област на издателските данни
Име на издателя, разпространителя и проч. St. Kliment Ohridski Univ. Press
Година на издаване 1994
Място на издаване, разпространение и проч. София
300 ## - Физическа характеристика
Страници 112 с.
Илюстрации и др. с табл.
Размери/Мащаб 17 см
380 ## - Жанр
Жанр Езикознание. Филология
500 ## - Общи забележки
Забележка Деп. списък: 4 ; 1 565 тир.
650 #4 - Допълнително описание по предмет – тема
Основно описание – тема или топоним Езикознание, сравнително
9 (RLIN) 244391
650 #4 - Допълнително описание по предмет – тема
Основно описание – тема или топоним Психолингвистика
9 (RLIN) 168321
650 #4 - Допълнително описание по предмет – тема
Основно описание – тема или топоним Чужди езици
9 (RLIN) 248927
650 #4 - Допълнително описание по предмет – тема
Основно описание – тема или топоним Превод
9 (RLIN) 167529
653 ## - Ключова дума – ненормативна
Ключова дума приложна лингвистика
653 ## - Ключова дума – ненормативна
Ключова дума контрастивна лингвистика
852 ## - Местоположение
Форматна сигнатура Цб І 27465
Фондова буква Хранилище
856 4# - Електронен адрес и достъп
Електронен формат pdf - файл
Път до файла /url/
856 4# - Електронен адрес и достъп
Електронен формат pdf - файл
Път до файла /url/
999 ## - СИСТЕМНИ КОНТРОЛНИ НОМЕРА
Koha biblionumber 4613
Koha biblioitemnumber 4613
942 ## - АРТИКУЛИ
Вид на библиотечния материал Книги
Скрит в OPAC Не
Периодичен библиозапис Да
944 ## - СЪЗДАВАНЕ И РЕДАКЦИЯ на ЗАПИСА
Създаване/Редакция Създаване
Дата на регистрацията/редакция 15.01.2003
Служител, извършил регистрацията/редакцията Теодора_Стоянова
944 ## - СЪЗДАВАНЕ И РЕДАКЦИЯ на ЗАПИСА
Създаване/Редакция Редакция
Дата на регистрацията/редакция 24.02.2014
999 ## - СИСТЕМНИ КОНТРОЛНИ НОМЕРА
Koha biblioitemnumber 4613
Наличности
Код за отписване Код за изгубен артикул Източник на класификационната схема Код за повреда Коз за рестрикции Код за отдаване Артикулен № Име на библиотеката - собственик Име на библиотеката, в която се намира в момента Статус (Текущо местоположение) Дата на вписване в системата Местоположение - отдел Цена в лева Инвентарен номер Систематично азбучна сигнатура Баркод Номер на екземпляра Цена в евро Служебен тип на артикула Служебна бележка
  Не е изгубен Universal Decimal Classification Не е повреден само за читалня ползва се в читалня 8232 Регионална библиотека "Любен Каравелов" Русе Регионална библиотека "Любен Каравелов" Русе Хранилище 2001-01-01 Хранилище 0.62 609879 Цб I 27465 120000609879 1 0.32 Книги  
  Не е изгубен   Не е повреден без рестрикции заемане за дома 8233 Регионална библиотека "Любен Каравелов" Русе Регионална библиотека "Любен Каравелов" Русе ЧЧЗО - англ. ез. - Британски съвет 2001-01-01 ЧЧЗО - англ. ез. - Британски съвет 0.00 657862 Ч3 800/I 54 P 657862 2 0.00 Книги Дата инв: 18.03.2015 Бележки инв: Ч32015
  Не е изгубен   Не е повреден без рестрикции заемане за дома 8234 Регионална библиотека "Любен Каравелов" Русе Регионална библиотека "Любен Каравелов" Русе ЧЧЗО - англ. ез. - Британски съвет 2001-01-01 ЧЧЗО - англ. ез. - Британски съвет 0.00 657863 Ч3 800/I 54 P 657863 3 0.00 Книги Дата инв: 22.04.2015 Бележки инв: Ч32015
Vip Innovations Ltd, Rousse, Bulgaria 2025